Construction materials (Record no. 3506)

000 -LEADER
fixed length control field 00497nam a22002057a 4500
001 - CONTROL NUMBER
control field 3506
003 - CONTROL NUMBER IDENTIFIER
control field BD-DhUET
008 - FIXED-LENGTH DATA ELEMENTS--GENERAL INFORMATION
fixed length control field 0
020 ## - INTERNATIONAL STANDARD BOOK NUMBER
International Standard Book Number 0419154701
040 ## - CATALOGING SOURCE
Transcribing agency 0
Modifying agency BD-DhUET
082 ## - DEWEY DECIMAL CLASSIFICATION NUMBER
Classification number 620.136
Item number ILL/1994
100 ## - MAIN ENTRY--PERSONAL NAME
Personal name Illston, J. M.
245 ## - TITLE STATEMENT
Title Construction materials
Remainder of title their nature and behavior
250 ## - EDITION STATEMENT
Edition statement 1st ed.
260 ## - PUBLICATION, DISTRIBUTION, ETC. (IMPRINT)
Place of publication, distribution, etc. London
Name of publisher, distributor, etc. E & FN Spon
Date of publication, distribution, etc. 1994
300 ## - PHYSICAL DESCRIPTION
Extent xxiii, 517 p.
Other physical details ill.
Dimensions 20 cm.
504 ## - BIBLIOGRAPHY, ETC. NOTE
Bibliography, etc Includes bibliographies
650 #0 - SUBJECT ADDED ENTRY--TOPICAL TERM
Topical term or geographic name as entry element Concrete-Engineering
942 ## - ADDED ENTRY ELEMENTS (KOHA)
Koha item type General Book
Holdings
Not for loan Koha renewals Koha date last borrowed Koha item type Withdrawn status Date acquired Koha normalized classification for sorting Price effective from Shelving location Location (home branch) Koha date last seen Damaged status Piece designation (barcode) Source of classification or shelving scheme Koha issues (times borrowed) Koha full call number Sublocation or collection (holding branch) Lost status Copy number
  2015-03-04General Book 2014-11-01620_136000000000000_ILL_19942014-11-01Circulation sectionCentral Library, BUET2021-06-30 92490 1620.136/ILL/1994Central Library, BUET 1
   General Book 2014-11-01620_136000000000000_ILL_19942014-11-01Circulation sectionCentral Library, BUET2014-11-01 92503  620.136/ILL/1994Central Library, BUET 2
  2021-08-28General Book 2014-11-01620_136000000000000_ILL_19942014-11-01Circulation sectionCentral Library, BUET2021-08-28 92499 1620.136/ILL/1994Central Library, BUET 3
 2 General Book 2014-11-01620_136000000000000_ILL_19942014-11-01Circulation sectionCentral Library, BUET2016-03-12 92494  620.136/ILL/1994Central Library, BUET 4
   General Book 2014-11-01620_136000000000000_ILL_19942014-11-01Circulation sectionCentral Library, BUET2014-11-01 92501  620.136/ILL/1994Central Library, BUET 5
  2024-09-07General Book 2014-11-01620_136000000000000_ILL_19942014-11-01Circulation sectionCentral Library, BUET2024-09-14 92486 1620.136/ILL/1994Central Library, BUET 6
   Reading Item 2015-06-14620_136000000000000_ILL_19942015-06-14Reading sectionCentral Library, BUET2015-06-14 92484  620.136/ILL/1994Central Library, BUET 7